| 000 | 00943nam a2200229 i 4500 | ||
|---|---|---|---|
| 001 | 83272 | ||
| 003 | ES-MaACL | ||
| 005 | 20250807051102.0 | ||
| 007 | t| | ||
| 008 | 041116s1951 sp ||||1| spa d | ||
| 245 | 0 | 0 |
_aIntereses de España en Marruecos _b: discursos pronunciados en el Meeting de la Sociedad Española de Africanistas y Colonistas... 1884 / _cpor Francisco Coello... [et al.]. |
| 260 |
_aMadrid : _bInstituto de Estudios Africanos, _c1951. |
||
| 300 |
_a87 p. ; _c21 cm. |
||
| 500 | _aPrecede al tít.: Consejo Superior de Investigaciones Científicas. | ||
| 651 | 4 |
_aEspaña- _xRelaciones- _zMarruecos. _98470 |
|
| 651 | 4 |
_aMarruecos- _xRelaciones- _zEspaña. _99034 |
|
| 700 | 1 |
_aCoello, Francisco, _d1822-1898 _939459 |
|
| 710 | 2 |
_aConsejo Superior de Investigaciones Científicas (España) _93236 |
|
| 710 | 2 |
_aInstituto de Estudios Africanos. _94881 |
|
| 852 |
_aES-MaACL _jC-12409 _bR.31801 |
||
| 999 |
_c83272 _d83272 |
||